| Поле | Инд. | ПП | Название | Значение |
|---|---|---|---|---|
| Тип записи | a | |||
| Библиографический уровень | b | |||
| 001 | Контрольный номер | RU/IS/BASE/130355430 | ||
| 005 | Дата корректировки | 20260112122714.0 | ||
| 084 | a | Индекс другой классификации/Индекс ББК | 20.1 | |
| 100 | 1_ | a | Автор | Сидорчук В. |
| q | Полное имя | Сидорчук Виктор | ||
| 245 | 10 | a | Заглавие | Экологические риски: анализ, расчеты, аудит |
| n | Номер части/ раздела | Часть вторая | ||
| 500 | a | Примечание | Часть первую см.: "РИСК", 2002, № 3 | |
| 520 | 0_ | a | Аннотация | Экологическое невежество руководителей производственных и управленческих структур не освобождает их от правовой и моральной ответственности за нарушение стандартов природопользования и охраны здоровья людей |
| 650 | 04 | a | Основная рубрика | экология |
| 653 | 0_ | a | Ключевые слова | загрязнение окружающей среды |
| a | Ключевые слова | охрана здоровья | ||
| a | Ключевые слова | охрана окружающей среды | ||
| a | Ключевые слова | природопользование | ||
| a | Ключевые слова | экологическая безопасность | ||
| a | Ключевые слова | экологические аварии | ||
| a | Ключевые слова | экологические издержки | ||
| a | Ключевые слова | экологические риски | ||
| a | Ключевые слова | экологический аудит | ||
| a | Ключевые слова | экологическое страхование | ||
| a | Ключевые слова | экономические последствия экологических катастроф | ||
| 700 | 12 | a | Автор | Адиятуллин Р. |
| q | Полное имя | Адиятуллин Раис | ||
| 773 | 18 | t | Заглавие источника | РИСК: ресурсы, информация, снабжение, конкуренция |
| d | Дата издания источника | 2002 | ||
| g | Прочая информация | № 4 | ||
| w | Контрольный № источника | RU/IS/BASE/114871404 | ||
| 901 | t | Тип документа | b |